01011nam a22002657a 4500001001000000003000500010005001700015008004100032010001000073011001000083035001100093040000900104100003800113245022600151260004100377300004100418502007500459650002500534650002000559650002600579650002700605700003100632856006600663856001600729000096554CHAP20220329143201.0061121d2006 mx ad r 00110 spa d a93020 a93992 a104575 cCHAP1 aAguilar Ortega, Ambrocio César.10aCrioconservación de semen de gallo doméstico (Gallus gallus domesticus) en tres extensores y dos técnicas de congelamiento :bmanual y automática /c/por Ambrocio César Aguilar Ortega y Librado Pérez Juárez. aChapingo, Méx. :bEl autor,c2006. a45 h. :bilus. ; gráfs. ; cuadros. aTesis (Ing. Agr. Esp. en Zootecnia) -- UACH. Departamento de Zootecnia14aAnimales domesticos.14aAves de corral.14aSemenxCongelación.14aSemenxConservación.1 aPérez Juárez, Librado. 3Finding aiduhttp://10.13.5.2/tesis/104575.pdfzTeclea aquí a1 n0000097